| 000 | 00000cas 2200000za 4500 |
| 001 | 9.505987 |
| 003 | CaOODSP |
| 005 | 20251222101043 |
| 007 | cr ||||||||||| |
| 008 | 150406c20049999oncar p o f0 a0eng|d |
| 022 | |a1719-2358 |
| 040 | |aCaOODSP|beng |
| 043 | |an-cn--- |
| 086 | 1 |aH110E-PDF |
| 110 | 1 |aCanada. |bPest Management Regulatory Agency. |
| 222 | 0|aAnnual report |b(Canada. Pest Management Regulatory Agency) |
| 245 | 10|aAnnual report |h[electronic resource] / |cPest Management Regulatory Agency. |
| 246 | 3 |aPMRA annual report |
| 260 | |aOttawa : |bPest Management Regulatory Agency, |cc2005- |
| 310 | |aAnnual |
| 362 | 1 |aBegan with 2003/2004. |
| 500 | |aIssued also in French under title: Rapport annuel. |
| 520 | |aOutlines the highlights of the fiscal year and the nature of the PMRA. |
| 692 | 07|2gccst|aPesticides |
| 775 | 08|tRapport annuel |w(CaOODSP)9.502389 |
| 776 | 0#|tPest Management Regulatory Agency - annual report |w(CaOODSP)9.515688 |